MARC-Details
| 000 -Satzkennung |
| Kontrollfeld mit fester Länge |
02409nam a22005173i 4500 |
| 001 - Kontrollnummer |
| Kontrollfeld |
EBC32195995 |
| 003 - Kontrollnummer Identifier |
| Kontrollfeld |
MiAaPQ |
| 005 - Datum und Zeit der letzten Transaktion |
| Kontrollfeld |
20251219151123.0 |
| 007 - Feld mit fester Länge zur physischen Beschreibung - Allgemeine Information |
| Kontrollfeld mit fester Länge |
cr cnu|||||||| |
| 008 - Feld mit fester Länge zur physischen Beschreibung - Allgemeine Angaben |
| Kontrollfeld mit fester Länge |
251219s2025 xx o ||||0 eng d |
| 020 ## - Internationale Standardbuchnummer |
| Internationale Standardbuchnummer |
9783031807329 |
| Nähere Angaben |
(electronic bk.) |
| 020 ## - Internationale Standardbuchnummer |
| Gelöschte/ungültige ISBN |
9783031807312 |
| 040 ## - Katalogisierungsquelle |
| Original-Katalogisierungsstelle |
MiAaPQ |
| Katalogisierungssprache |
eng |
| Übertragungsstelle |
MiAaPQ |
| 100 1# - Haupteintragung - Personenname |
| Personenname |
Tsuji, Kinko. |
| Koha-Normdatenidentnummer |
68120 |
| 245 10 - Titel |
| Titel |
Physics and Mathematics in Musical Composition : |
| Zusatz zum Titel |
A Comparative Study. |
| 250 ## - Ausgabebezeichnung |
| Ausgabebezeichnung |
1st ed. |
| 264 #1 - Produktion, Veröffentlichung, Distribution, Herstellung und Urheberrechtsvermerk |
| Herstellungs-, Veröffentlichungs- Vertriebs-, Erzeugungsort |
Cham : |
| Produzent, Herausgeber, Distributor, Hersteller |
Springer, |
| Datum der Herstellung, der Veröffentlichung, des Vertriebs oder des Urheberschutzvermerks |
2025. |
| 264 #4 - Produktion, Veröffentlichung, Distribution, Herstellung und Urheberrechtsvermerk |
| Datum der Herstellung, der Veröffentlichung, des Vertriebs oder des Urheberschutzvermerks |
©2025. |
| 300 ## - Physische Beschreibung |
| Umfang |
1 online resource (300 pages) |
| 336 ## - Inhaltstyp |
| Inhaltstypterm |
Text |
| Inhaltstypcode |
txt |
| Quelle |
rdacontent |
| 337 ## - Medientyp |
| Bezeichnung des Medientyps |
Computermedien |
| Medientypcode |
c |
| Quelle |
rdamedia |
| 338 ## - Datenträgertyp |
| Datenträgertypbezeichnung |
Online Resource |
| Datenträgertypcode |
cr |
| Quelle |
rdacarrier |
| 341 0# - |
| -- |
PDF/UA-1 |
| -- |
onix |
| 341 0# - |
| -- |
No reading system accessibility options actively disabled |
| -- |
onix |
| 341 0# - |
| -- |
Table of contents navigation |
| -- |
onix |
| 341 0# - |
| -- |
Index navigation |
| -- |
onix |
| 341 0# - |
| -- |
Single logical reading order |
| -- |
onix |
| 341 0# - |
| -- |
Short alternative textual descriptions |
| -- |
onix |
| 341 0# - |
| -- |
Use of color is not sole means of conveying information |
| -- |
onix |
| 341 0# - |
| -- |
Use of high contrast between text and background color |
| -- |
onix |
| 341 0# - |
| -- |
Next / Previous structural navigation |
| -- |
onix |
| 341 0# - |
| -- |
All non-decorative content supports reading without sight |
| -- |
onix |
| 490 0# - Gesamttitelangabe |
| Gesamttitelangabe |
Mathematics and Statistics Series |
| 500 ## - Allgemeine Fußnote |
| Allgemeine Fußnote |
E-Book-ProQuest / Fernzugriff nach Registrierung möglich |
| 520 ## - Fußnote zu Zusammenfassungen usw. |
| Fußnote zur Zusammenfassung usw. |
How is music born?Is music made by humans or does it already exist and wait to be found?How do composers create (or find) music?Having these questions in mind the authors ask more questions: How can we share our feelings with other people when listening to music?Can these be visualized?Why did Helmholtz have a problem with the third?. |
| 532 8# - |
| -- |
Publisher contact for further accessibility information: accessibilitysupport@springernature.com |
| 655 ## - Indexierungsterm - Genre/Form |
| Genre/Form oder fokussierter Term |
Fernzugriff |
| Koha-Normdatenidentnummer |
230 |
| 655 #4 - Indexierungsterm - Genre/Form |
| Genre/Form oder fokussierter Term |
|
| 700 1# - Nebeneintragung - Personenname |
| Personenname |
Müller, Stefan C. |
| Koha-Normdatenidentnummer |
68121 |
| 700 1# - Nebeneintragung - Personenname |
| Personenname |
Müller, Stefan C. |
| Koha-Normdatenidentnummer |
68122 |
| 776 08 - Andere physische Form |
| Verweisungsphrase |
Print version: |
| Haupteintragung |
Tsuji, Kinko |
| Titel |
Physics and Mathematics in Musical Composition |
| Ort, Verlag und Erscheinungsjahr |
Cham : Springer,c2025 |
| Internationale Standardbuchnummer |
9783031807312 |
| 856 40 - Elektronische Adresse und Zugriff |
| URL |
<a href="https://ebookcentral.proquest.com/lib/maxweberstiftung-ebooks/detail.action?docID=32195995">https://ebookcentral.proquest.com/lib/maxweberstiftung-ebooks/detail.action?docID=32195995</a> |
| OPAC-Notiz |
Volltext |
| 942 ## - Zusätzliche Felder (Koha) |
| Koha-Medientyp |
E-Books |